| 000 | 00936nam a2200133Ia 4500 | ||
|---|---|---|---|
| 008 | 220615s9999||||xx |||||||||||||| ||und|| | ||
| 020 | _a9783040000000 | ||
| 245 | 0 | _aDroplet Microfluidics | |
| 546 | _aEnglish[eng] | ||
| 650 | _aFADS||emulsification||droplet coalescence||enzyme engineering||synthetic biology||droplet formation||phase field model||interfacial tension||glass capillary microfluidic device||fluidic mixer||air bubble||3D printing||microcapsules||double-emulsion drops||osmotic pressure||ultra-thin-shell||microfluidics||droplet array||microvalve||droplets||lock-in detection||real-time calibration||homogeneous immunoassay||on-chip mergers||pneumatic valves||programmable droplet formation||dilutions||Microfluidics||drug combinations||screening||droplet microfluidics||sorting||passive sorting||photo-tag||n/a | ||
| 700 | _aBrouzes, Eric||Li, Siran | ||
| 856 | _uhttps://mdpi.com/books/pdfview/book/3673 | ||
| 942 | _cEB | ||
| 999 |
_c16462 _d16462 |
||